Riadenie výrobnej linky pre overenie kvality

Gespeichert in:
Bibliographische Detailangaben
1. Verfasser: Sikomas, Andrii (Verfasst von)
Weitere Verfasser: Drahoš, Peter (Betreuung Doktorarbeit)
Format: Manuskript Buch
Sprache:Slowakisch
Veröffentlicht: Bratislava : STU v Bratislave FEI, 2023
Schlagworte:
Online-Zugang:https://opac.crzp.sk/?fn=detailBiblioFormChildUNSJF&sid=925BFB95FAA30F229C91CF019F0C&seo=CRZP-detail-kniha
Tags: Tag hinzufügen
Keine Tags, Fügen Sie das erste Tag hinzu!

MARC

LEADER 00000ntm a22000003a 4500
001 stuzp92854
003 SK-STU
005 20240306105010.2
007 ta
008 150427s2015----xo-----f-mn---000-0-slo-d
040 |a STU  |b slo 
041 0 |a slo 
044 |a xo 
100 1 |a Sikomas, Andrii  |u 030400  |4 aut  |U FEI Fakulta elektrotechniky a informatiky  |T FEI Ústav automobilovej mechatroniky  |X 112564  |U E400  |Y 642  |7 112564 
242 0 1 |a Production line control for quality verification  |y eng 
245 1 0 |a Riadenie výrobnej linky pre overenie kvality 
260 |a Bratislava :  |b STU v Bratislave FEI,  |c 2023 
300 |a 51 s. 
650 4 |a systém overovania kvality na výrobnej linke  |2 slo 
650 4 |a HMI  |2 slo 
650 4 |a MES  |2 slo 
650 4 |a algoritmus riadenia  |2 slo 
650 4 |a EtherNet/IP  |2 slo 
650 4 |a inteligentná kamera  |2 slo 
650 4 |a PLC  |2 slo 
650 4 |a OPC UA  |2 slo 
650 4 |a production line quality verification system  |2 eng 
650 4 |a PLC  |2 eng 
650 4 |a MES  |2 eng 
650 4 |a HMI  |2 eng 
650 4 |a control algorithm  |2 eng 
650 4 |a EtherNet/IP  |2 eng 
650 4 |a OPC UA  |2 eng 
650 4 |a intelligent camera  |2 eng 
700 1 |a Drahoš, Peter  |u 030400  |k Z1  |4 ths  |U FEI Fakulta elektrotechniky a informatiky  |T FEI Ústav automobilovej mechatroniky  |X 3709  |U E400  |Y 642  |7 A000003709 
856 4 |u https://opac.crzp.sk/?fn=detailBiblioFormChildUNSJF&sid=925BFB95FAA30F229C91CF019F0C&seo=CRZP-detail-kniha